| 000 | 00490nam a2200181Ia 4500 | ||
|---|---|---|---|
| 001 | 2397 | ||
| 005 | 20260306144804.0 | ||
| 008 | 260306t2018||||xx |||||||||||||| ||spa|| | ||
| 041 | _aESP | ||
| 082 |
_a616.89 _bG64 |
||
| 100 |
_aGómez-Restrepo, Carlos _eAUT |
||
| 245 | 0 |
_aPsiquiatría clínica: _bdiagnóstico y tratamiento en niños, adolescentes y adultos |
|
| 260 | _c2018 | ||
| 300 |
_axxiii, 893 páginas : _c28 cm. |
||
| 650 | _aGEN | ||
| 654 | _aCPS | ||
| 942 |
_cLIB _dJUS _fJUS _2ddc _n |
||
| 999 |
_c2397 _d2397 |
||